Score 0/12 Timer 01:00
3 Plays Today
% Correct
Tortuga
92.2%
Serpiente
91.4%
Pollo
90.3%
Gato
87.1%
Ratón
77.5%
Perro
75.9%
Caballo
74.8%
Oso
72.3%
Pez
69%
Vaca
63.5%
Cabra
53.8%
Cerdo
52.3%

Today's Daily Dose

You're not logged in!

Compare scores with friends on all Sporcle quizzes.
OR
Log In

Sporcle TV

Today on Sporcle TV


Watch our educational content, quiz creation guides, and fun videos on Sporcle TV.

Show Comments

Extras

Top Quizzes Today


Score Distribution

Paid Content

Your Account Isn't Verified!

In order to create a playlist on Sporcle, you need to verify the email address you used during registration. Go to your Sporcle Settings to finish the process.

Report this User

Report this user for behavior that violates our Community Guidelines.

Details: